UBT Library

Experimental design in psychiatry : (Record no. 42293)

000 -LEADER
fixed length control field 00590cam a2200217 i 4500
001 - CONTROL NUMBER
control field 391150
005 - DATE AND TIME OF LATEST TRANSACTION
control field 20180212033752.0
008 - FIXED-LENGTH DATA ELEMENTS--GENERAL INFORMATION
fixed length control field 791109s1980 nyua 001 0 eng
010 ## - LIBRARY OF CONGRESS CONTROL NUMBER
LC control number 79006348
020 ## - INTERNATIONAL STANDARD BOOK NUMBER
International Standard Book Number 0808912240
040 ## - CATALOGING SOURCE
Original cataloging agency DLC
Transcribing agency DLC
Modifying agency DLC
041 ## - LANGUAGE CODE
Language code of text/sound track or separate title eng
060 ## - NATIONAL LIBRARY OF MEDICINE CALL NUMBER
Classification number WM20 S963e
080 ## - UNIVERSAL DECIMAL CLASSIFICATION NUMBER
Universal Decimal Classification number 616.89/072 wal
082 00 - DEWEY DECIMAL CLASSIFICATION NUMBER
Classification number 616.89/072 wal
100 1# - Rafti
Rafti 49
101 ## - Shkurtesa
Shkurtesa psi
245 10 - TITLE STATEMENT
Title Experimental design in psychiatry :
Statement of responsibility, etc Walter W. Surwillo.
906 ## - LOCAL DATA ELEMENT F, LDF (RLIN)
a 7
b cbc
c orignew
d 1
e ocip
f 19
g y-gencatlg
942 ## - ADDED ENTRY ELEMENTS (KOHA)
Source of classification or shelving scheme
Item type Books
Holdings
Withdrawn status Lost status Source of classification or shelving scheme Damaged status Not for loan Collection code Permanent location Current location Shelving location Date acquired Total Checkouts Full call number Barcode Date last seen Price effective from Koha item type
          Koleksioni i përgjithshem UBT - Lipjan UBT - Lipjan Koleksioni i përgjithshem 02/12/2018   616.89/072 wal 002-2998750 02/12/2018 02/12/2018 Books
UBT Library © 2015-2024. All rights reserved University Education for Business and Technology